Guess the 1970s song lyrics #341 - Statistics

General Stats
  • This quiz has been taken 23 times
  • The average score is 108 of 201
Answer Stats
Answer % Correct
a
94%
I
94%
The
94%
the
94%
to
94%
To
94%
You
94%
you
94%
in
89%
and
83%
And
83%
on
83%
your
83%
are
78%
for
78%
I'll
78%
it
78%
like
78%
of
78%
me
72%
my
72%
at
67%
from
67%
take
67%
I'm
61%
make
61%
say
61%
some
61%
way
61%
know
56%
nothin
56%
see
56%
up
56%
come
50%
moon
50%
today
50%
We'll
50%
again
44%
away
44%
came
44%
Cause
44%
hell
44%
made
44%
night
44%
righ
44%
right
44%
trip
44%
Ain't
39%
back
39%
Feels
39%
hands
39%
looks
39%
nothing
39%
play
39%
Bay
33%
gave
33%
giving
33%
kiss
33%
ready
33%
sky
33%
sun
33%
watch
33%
Baltimore
28%
belles
28%
blew
28%
caught
28%
Chesapeake
28%
direction
28%
luck
28%
Miss
28%
Moonligh
28%
Moonlight
28%
morning
28%
ocean
28%
Ole
28%
radio
28%
send
28%
southern
28%
stations
28%
wind
28%
beside
22%
connection
22%
fade
22%
finally
22%
guess
22%
itching
22%
moon'll
22%
okay
22%
rise
22%
Sunday
22%
tide
22%
top
22%
tricky
22%
warning
22%
wet
22%
bright
17%
Class
17%
constellations
17%
dose
17%
eastern
17%
four
17%
French
17%
gold
17%
lay
17%
observe
17%
potion
17%
ring
17%
seven
17%
winked
17%
drop
11%
smilin
11%
noon
6%
No matching quizzes found
Score Distribution
Percent of People with Each Score
Percentile by Number Answered
Your Score History
You have not taken this quiz